[Event "V Sunway Sitges Open 2018"]
[Site "Sitges"]
[Date "2018.12.19"]
[Round "6"]
[White "Ruiz Gonzalez, Jorge"]
[Black "Kairbekova, Amina"]
[Result "1/2-1/2"]
[WhiteElo "2083"]
[BlackElo "1905"]
[Annotator "NA RC"]
[PlyCount "136"]
[EventDate "2018.12.14"]
[EventType "swiss"]
[EventCountry "ESP"]
[SourceTitle "playchess.com"]
[Source "ChessBase"]
[SourceQuality "1"]
[TimeControl "40/5400+30:1800+30"]

1. e4 {[%emt 0:00:00]} e6 {[%emt 0:00:00]} 2. d4 {[%emt 0:00:00]} d5 {[%emt 0:00:00]} 3. Bd3 {[%emt 0:00:00]} dxe4 {[%emt 0:00:00]} 4. Bxe4 {[%emt 0:00:00]} Nf6 {[%emt 0:00:07]} 5. Bf3 {[%emt 0:00:00]} c5 {[%emt 0:01:11]} 6. Ne2 {[%emt 0:00:01]} Nc6 {[%emt 0:00:10] C01: French: Exchange Variation} 7. Be3 {[%emt 0:00:05]} cxd4 {[%emt 0:00:12]} (7... Nd5 8. Bxd5 Qxd5 9. Nbc3 Qxg2 10. Rg1 Qf3 11. Nb5 Rb8 12. dxc5 Bd7 13. Nc7+ Kd8 14. Nb5 {0-1 (54) Kramnik,V (2808)-Caruana,F (2808) Stavanger 2017}) 8. Nxd4 {[%emt 0:00:08]} Ne5 {[%emt 0:00:03]} 9. Nc3 {[%emt 0:00:12]} Be7 {[%emt 0:01:10]} 10. Ndb5 {[%emt 0:08:31]} Nxf3+ {[%emt 0:08:29]} 11. gxf3 {[%emt 0:07:49]} Bd7 {[%emt 0:02:39]} 12. Nd6+ {[%emt 0:13:36]} Bxd6 {[%emt 0:00:03]} 13. Qxd6 {[%emt 0:00:06]} Bc6 {[%emt 0:00:15]} 14. Qxd8+ $146 {[%emt 0:00:45]} ({Predecessor:} 14. Qg3) 14... Rxd8 {[%emt 0:00:44]} 15. Rg1 {[%emt 0:00:39]} O-O {[%emt 0:00:53]} 16. Bg5 {[%emt 0:00:42]} Kh8 {[%emt 0:02:53]} 17. Ne4 {[%emt 0:01:23]} Bxe4 {[%emt 0:04:08]} 18. fxe4 {[%emt 0:00:06]} Rc8 {[%emt 0:00:05]} 19. Bxf6 {[%emt 0:00:36]} gxf6 {[%emt 0:00:07]} 20. O-O-O {[%emt 0:00:42]} Rc7 {[%emt 0:02:49]} 21. Rd3 {[%emt 0:01:59]} Rg8 {[%emt 0:00:08]} 22. Rgg3 {[%emt 0:03:19]} Rxg3 {[%emt 0:00:18]} 23. hxg3 {[%emt 0:00:01]} Kg7 {[%emt 0:00:35]} 24. Kd2 {[%emt 0:01:03]} a6 {[%emt 0:02:18]} 25. Rc3 {[%emt 0:01:46]} Rd7+ {[%emt 0:01:36]} 26. Ke3 {[%emt 0:00:03]} Kg6 {[%emt 0:01:32]} 27. Rc5 {[%emt 0:00:51]} f5 {[%emt 0:01:44]} 28. exf5+ {[%emt 0:00:16]} exf5 {[%emt 0:00:06]} 29. b4 {[%emt 0:08:14]} h5 {[%emt 0:02:39]} 30. a4 {[%emt 0:02:12]} Kg5 {[%emt 0:00:18]} 31. b5 {[%emt 0:02:34]} axb5 {[%emt 0:01:28]} 32. axb5 {[%emt 0:00:33]} Kf6 {[%emt 0:00:44]} 33. f4 {[%emt 0:15:44]} Re7+ {[%emt 0:04:57]} 34. Kf3 {[%emt 0:00:22]} Rd7 {[%emt 0:00:26]} 35. c4 {[%emt 0:02:58]} Rd3+ {[%emt 0:02:35]} 36. Kg2 {[%emt 0:00:31]} Rc3 {[%emt 0:01:53]} 37. Rc7 {[%emt 0:00:40]} b6 {[%emt 0:04:01]} 38. Rc6+ {[%emt 0:02:32]} Kg7 {[%emt 0:00:13]} 39. Kh3 {[%emt 0:06:36]} f6 {[%emt 0:00:50]} 40. Kg2 {[%emt 0:00:00]} Kg6 {[%emt 0:00:00]} 41. Rxb6 {[%emt 0:07:10]} Rxc4 {[%emt 0:00:32]} 42. Rb8 {[%emt 0:00:04]} Kg7 {[%emt 0:01:26]} 43. b6 {[%emt 0:00:08]} Rc2+ {[%emt 0:01:34]} 44. Kf3 {[%emt 0:00:58]} Rc3+ {[%emt 0:00:05]} 45. Kf2 {[%emt 0:00:06]} Rc2+ {[%emt 0:00:05]} 46. Ke3 {[%emt 0:02:11]} Rc3+ {[%emt 0:00:13]} 47. Kd4 {[%emt 0:08:46]} Rxg3 {[%emt 0:00:11]} 48. b7 {[%emt 0:00:03]} Rb3 {[%emt 0:00:13]} 49. Kc5 {[%emt 0:00:08]} h4 {[%emt 0:04:51]} 50. Kc6 $1 {[%emt 0:00:03]} ({Don't go for} 50. Kc4 $2 Rb1 $19) 50... h3 {[%emt 0:01:13]} 51. Ra8 {[%emt 0:00:01]} h2 {[%emt 0:00:38]} 52. Ra1 {[%emt 0:00:06]} Rc3+ {[%emt 0:00:21]} 53. Kd7 {[%emt 0:00:30]} Rb3 {[%emt 0:00:36]} 54. Kc8 {[%emt 0:00:03]} Rc3+ {[%emt 0:00:29]} 55. Kd7 {[%emt 0:02:47]} Rb3 {[%emt 0:00:19]} 56. Kc7 {[%emt 0:00:31]} Rc3+ {[%emt 0:18:57]} 57. Kb6 {[%emt 0:00:11]} Rb3+ {[%emt 0:00:04]} 58. Ka7 {[%emt 0:01:12]} Kh6 {[%emt 0:00:16]} 59. Rh1 {[%emt 0:12:40]} Kh5 {[%emt 0:01:12]} 60. Rxh2+ {[%emt 0:02:11]} Kg4 {[%emt 0:00:04]} 61. Rh6 {[%emt 0:02:06]} Kxf4 {[%emt 0:07:59]} 62. Rxf6 {[%emt 0:00:10]} Rxb7+ {[%emt 0:00:28]} 63. Kxb7 $11 {[%emt 0:00:01]} Ke5 {[%emt 0:00:06]} 64. Rb6 {[%emt 0:14:51]} f4 {[%emt 0:00:06]} 65. Kc6 {[%emt 0:00:20]} f3 {[%emt 0:03:18]} 66. Rb1 {[%emt 0:02:35]} Kd4 {[%emt 0:01:14]} 67. Rd1+ {[%emt 0:01:32]} Ke3 {[%emt 0:00:17]} 68. Kd5 {[%emt 0:00:27] Kd4+} Ke2 {[%emt 0:00:22]} 1/2-1/2

[Event "V Sunway Sitges Open 2018"]
[Site "Sitges"]
[Date "2018.12.19"]
[Round "6"]
[White "Varela La Madrid, Tilsia Carolina"]
[Black "Perez Bolanos, Joel"]
[Result "1-0"]
[WhiteElo "2049"]
[BlackElo "1717"]
[Annotator "NA"]
[PlyCount "59"]
[EventDate "2018.12.14"]
[EventType "swiss"]
[EventCountry "ESP"]
[SourceTitle "playchess.com"]
[Source "ChessBase"]
[SourceQuality "1"]
[TimeControl "40/5400+30:1800+30"]

1. e4 {[%emt 0:03:54]} c5 {[%emt 0:01:56]} 2. c3 {[%emt 0:00:11]} Nf6 {[%emt 0:00:48]} 3. e5 {[%emt 0:00:06]} Nd5 {[%emt 0:00:08]} 4. d4 {[%emt 0:00:05]} cxd4 {[%emt 0:02:46]} 5. Nf3 {[%emt 0:01:49]} e6 {[%emt 0:01:22]} 6. cxd4 {[%emt 0:00:08]} d6 {[%emt 0:00:22]} 7. Bc4 {[%emt 0:00:18]} Nb6 {[%emt 0:01:27]} 8. Bd3 {[%emt 0:00:12]} Be7 {[%emt 0:01:04]} 9. O-O {[%emt 0:00:21]} Nc6 {[%emt 0:03:21]} 10. Nc3 {[%emt 0:01:12]} Bd7 {[%emt 0:01:40]} 11. Bf4 {[%emt 0:02:50]} d5 {[%emt 0:01:03]} 12. Rc1 {[%emt 0:01:33]} a6 {[%emt 0:05:47]} 13. Qe2 {[%emt 0:08:08]} Qc7 {[%emt 0:06:24]} 14. Rfd1 {[%emt 0:03:13]} O-O-O {[%emt 0:02:06]} 15. a3 {[%emt 0:02:05]} Rdg8 {[%emt 0:01:38]} 16. b4 {[%emt 0:00:25]} g5 {[%emt 0:00:42]} 17. Be3 {[%emt 0:01:15]} g4 {[%emt 0:02:53]} 18. Ne1 {[%emt 0:00:17]} f6 {[%emt 0:04:13]} 19. b5 {[%emt 0:00:16]} axb5 {[%emt 0:01:53]} 20. Nxb5 {[%emt 0:00:20]} Qb8 {[%emt 0:00:17]} 21. exf6 {[%emt 0:02:34]} Bxf6 {[%emt 0:00:20]} 22. g3 {[%emt 0:00:06]} Bg5 {[%emt 0:06:45]} 23. Ng2 {[%emt 0:04:55]} Kd8 {[%emt 0:10:43]} 24. Bf4 {[%emt 0:01:33]} Bxf4 {[%emt 0:01:50]} 25. Nxf4 {[%emt 0:00:05]} e5 {[%emt 0:04:14]} 26. dxe5 {[%emt 0:01:11]} Nxe5 {[%emt 0:03:27]} 27. Qe3 {[%emt 0:10:10]} Nbc4 {[%emt 0:05:21]} 28. Bxc4 {[%emt 0:00:17]} dxc4 {[%emt 0:01:20]} 29. Ne6+ {[%emt 0:03:32]} Ke7 {[%emt 0:02:34]} 30. Nec7 {[%emt 0:00:11]} 1-0

[Event "V Sunway Sitges Open 2018"]
[Site "Sitges"]
[Date "2018.12.19"]
[Round "6"]
[White "Pedashenko, Anatoly"]
[Black "Walter Travella, German"]
[Result "0-1"]
[WhiteElo "1985"]
[BlackElo "1917"]
[Annotator "NA"]
[PlyCount "66"]
[EventDate "2018.12.14"]
[EventType "swiss"]
[EventCountry "ESP"]
[SourceTitle "playchess.com"]
[Source "ChessBase"]
[SourceQuality "1"]
[TimeControl "40/5400+30:1800+30"]

1. e4 {[%emt 0:00:00]} c5 {[%emt 0:08:17]} 2. Nf3 {[%emt 0:00:00]} Nc6 {[%emt 0:00:08]} 3. d4 {[%emt 0:00:00]} cxd4 {[%emt 0:00:09]} 4. Nxd4 {[%emt 0:00:00]} e5 {[%emt 0:00:14]} 5. Nb5 {[%emt 0:00:01]} a6 {[%emt 0:00:09]} 6. Nd6+ {[%emt 0:00:12]} Bxd6 {[%emt 0:00:20]} 7. Qxd6 {[%emt 0:00:04]} Qf6 {[%emt 0:00:24]} 8. Qd1 {[%emt 0:00:21]} Qg6 {[%emt 0:00:16]} 9. Nc3 {[%emt 0:00:28]} Nf6 {[%emt 0:00:13]} 10. f3 {[%emt 0:01:48]} d5 {[%emt 0:02:25]} 11. Nxd5 {[%emt 0:13:44]} Nxd5 {[%emt 0:00:24]} 12. Qxd5 {[%emt 0:04:16]} Be6 {[%emt 0:00:14]} 13. Qc5 {[%emt 0:05:27]} Nd4 {[%emt 0:01:31]} 14. Kf2 {[%emt 0:04:33]} Rc8 {[%emt 0:00:32]} 15. Qxe5 {[%emt 0:01:40]} Rxc2+ {[%emt 0:05:56]} 16. Ke3 {[%emt 0:03:44]} Nc6 {[%emt 0:02:59]} 17. Qd6 {[%emt 0:01:35]} Qg5+ {[%emt 0:10:19]} 18. f4 {[%emt 0:00:33]} Qa5 {[%emt 0:01:00]} 19. Bd2 {[%emt 0:10:54]} Qb6+ {[%emt 0:00:59]} 20. Kd3 {[%emt 0:00:13]} Bc4+ {[%emt 0:02:31]} 21. Kxc2 {[%emt 0:00:46]} Nd4+ {[%emt 0:00:12]} 22. Qxd4 {[%emt 0:00:52]} Qxd4 {[%emt 0:00:16]} 23. Re1 {[%emt 0:02:15]} Bxa2 {[%emt 0:02:59]} 24. Bd3 {[%emt 0:04:49]} Qa4+ {[%emt 0:07:28]} 25. Kc1 {[%emt 0:00:39]} O-O {[%emt 0:00:30]} 26. Bc3 {[%emt 0:00:24]} Rd8 {[%emt 0:02:33]} 27. Re3 {[%emt 0:05:21]} Bc4 {[%emt 0:02:43]} 28. Bb1 {[%emt 0:01:20]} Bb3 {[%emt 0:01:22]} 29. Rhe1 {[%emt 0:02:05]} b5 {[%emt 0:00:43]} 30. Rd3 {[%emt 0:02:20]} Rxd3 {[%emt 0:00:48]} 31. Bxd3 {[%emt 0:00:01]} b4 {[%emt 0:00:33]} 32. Be5 {[%emt 0:06:36]} f6 {[%emt 0:02:27]} 33. Bb8 {[%emt 0:00:18]} Qe8 {[%emt 0:04:25]} 0-1

[Event "V Sunway Sitges Open 2018"]
[Site "Sitges"]
[Date "2018.12.19"]
[Round "6"]
[White "Lopez Capape, Armando"]
[Black "Perez Bolanos, David"]
[Result "0-1"]
[WhiteElo "1827"]
[BlackElo "1747"]
[Annotator "NA"]
[PlyCount "68"]
[EventDate "2018.12.14"]
[EventType "swiss"]
[EventCountry "ESP"]
[SourceTitle "playchess.com"]
[Source "ChessBase"]
[SourceQuality "1"]
[TimeControl "40/5400+30:1800+30"]

1. c4 {[%emt 0:00:00]} e5 {[%emt 0:00:40]} 2. Nc3 {[%emt 0:00:00]} Nc6 {[%emt 0:00:46]} 3. Nf3 {[%emt 0:01:05]} Nf6 {[%emt 0:02:17]} 4. g3 {[%emt 0:01:31]} d6 {[%emt 0:02:37]} 5. Bg2 {[%emt 0:01:05]} g6 {[%emt 0:00:54]} 6. O-O {[%emt 0:01:15]} Bg7 {[%emt 0:00:51]} 7. d3 {[%emt 0:14:54]} O-O {[%emt 0:01:43]} 8. Rb1 {[%emt 0:01:49]} a5 {[%emt 0:04:32]} 9. a3 {[%emt 0:07:55]} Be6 {[%emt 0:03:41]} 10. Bg5 {[%emt 0:16:49]} Qd7 {[%emt 0:04:12]} 11. b4 {[%emt 0:09:27]} axb4 {[%emt 0:07:35]} 12. axb4 {[%emt 0:00:11]} Nh5 {[%emt 0:01:29]} 13. Bd2 {[%emt 0:11:07]} h6 {[%emt 0:05:48]} 14. b5 {[%emt 0:03:04]} Ne7 {[%emt 0:02:11]} 15. Ne1 {[%emt 0:01:18]} Rab8 {[%emt 0:07:16]} 16. e4 {[%emt 0:07:01]} Bh3 {[%emt 0:09:27]} 17. Nc2 {[%emt 0:00:56]} Bxg2 {[%emt 0:01:26]} 18. Kxg2 {[%emt 0:00:07]} f5 {[%emt 0:00:39]} 19. f3 {[%emt 0:04:28]} Rf7 {[%emt 0:03:26]} 20. Qe2 {[%emt 0:01:17]} Rbf8 {[%emt 0:01:25]} 21. Nd5 {[%emt 0:03:12]} Nxd5 {[%emt 0:03:06]} 22. cxd5 {[%emt 0:00:09]} Kh7 {[%emt 0:02:23]} 23. Bc3 {[%emt 0:04:31]} Bh8 {[%emt 0:09:30]} 24. d4 {[%emt 0:04:55]} fxe4 {[%emt 0:07:30]} 25. fxe4 {[%emt 0:00:52]} exd4 {[%emt 0:09:03]} 26. Bxd4 {[%emt 0:00:27]} Be5 {[%emt 0:00:30]} 27. Bxe5 {[%emt 0:00:21]} dxe5 {[%emt 0:00:06]} 28. Ne3 {[%emt 0:01:50]} Nf4+ {[%emt 0:02:47]} 29. gxf4 {[%emt 0:01:10]} exf4 {[%emt 0:00:06]} 30. Nf5 {[%emt 0:00:33]} gxf5 {[%emt 0:00:47]} 31. Rxf4 {[%emt 0:00:31]} Re8 {[%emt 0:01:09]} 32. Rbf1 {[%emt 0:00:33]} Qxd5 {[%emt 0:00:52]} 33. Rxf5 {[%emt 0:01:05]} Rxf5 {[%emt 0:00:08]} 34. Rxf5 {[%emt 0:00:14]} Qxf5 {[%emt 0:00:05]} 0-1

[Event "V Sunway Sitges Open 2018"]
[Site "Sitges"]
[Date "2018.12.19"]
[Round "6"]
[White "May Freixa, Josep"]
[Black "Bolat, Ikhsan"]
[Result "1-0"]
[WhiteElo "1749"]
[BlackElo "1502"]
[Annotator "NA"]
[PlyCount "73"]
[EventDate "2018.12.14"]
[EventType "swiss"]
[EventCountry "ESP"]
[SourceTitle "playchess.com"]
[Source "ChessBase"]
[SourceQuality "1"]
[TimeControl "40/5400+30:1800+30"]

1. c4 {[%emt 0:00:00]} e5 {[%emt 0:03:27]} 2. Nc3 {[%emt 0:00:00]} Nf6 {[%emt 0:00:12]} 3. g3 {[%emt 0:00:52]} d5 {[%emt 0:00:21]} 4. cxd5 {[%emt 0:00:12]} Nxd5 5. Bg2 {[%emt 0:00:06]} Nxc3 {[%emt 0:01:19]} 6. bxc3 {[%emt 0:00:04]} Bc5 {[%emt 0:00:21]} 7. d3 {[%emt 0:03:10]} O-O {[%emt 0:00:44]} 8. Nf3 {[%emt 0:00:04]} Nc6 {[%emt 0:00:38]} 9. O-O {[%emt 0:00:04]} Be6 {[%emt 0:01:03]} 10. Ng5 {[%emt 0:04:41]} h6 {[%emt 0:01:01]} 11. Nxe6 {[%emt 0:03:06]} fxe6 {[%emt 0:00:11]} 12. Qb3 {[%emt 0:00:07]} Qf6 {[%emt 0:00:44]} 13. e3 {[%emt 0:15:08]} Na5 {[%emt 0:00:46]} 14. Qb5 {[%emt 0:05:28]} Bb6 {[%emt 0:00:32]} 15. d4 {[%emt 0:01:01]} exd4 {[%emt 0:00:22]} 16. cxd4 {[%emt 0:01:25]} Rae8 {[%emt 0:00:44]} 17. Ba3 {[%emt 0:03:27]} Rf7 {[%emt 0:01:01]} 18. Bb4 {[%emt 0:02:58]} c6 {[%emt 0:01:29]} 19. Qa4 {[%emt 0:06:14]} Nc4 {[%emt 0:01:25]} 20. Bc3 {[%emt 0:00:03]} Nd6 {[%emt 0:00:33]} 21. Qc2 {[%emt 0:05:12]} Qe7 {[%emt 0:01:51]} 22. a4 {[%emt 0:01:55]} Bc7 {[%emt 0:02:27]} 23. Bb4 {[%emt 0:01:58]} Qg5 {[%emt 0:02:17]} 24. f4 {[%emt 0:07:50]} Qf5 {[%emt 0:01:19]} 25. e4 {[%emt 0:00:03]} Qg6 {[%emt 0:00:55]} 26. Rae1 {[%emt 0:01:44]} h5 {[%emt 0:02:54]} 27. f5 {[%emt 0:02:20]} Qh6 {[%emt 0:00:32]} 28. Bh3 {[%emt 0:07:26]} exf5 {[%emt 0:01:04]} 29. e5 {[%emt 0:01:17]} Nc8 {[%emt 0:00:44]} 30. Bxf5 {[%emt 0:01:03]} Kh8 {[%emt 0:00:45]} 31. Bg6 {[%emt 0:08:14]} Rxf1+ {[%emt 0:01:04]} 32. Kxf1 {[%emt 0:00:02]} Re6 {[%emt 0:01:00]} 33. Bf7 {[%emt 0:00:05]} Rf6+ {[%emt 0:01:24]} 34. exf6 {[%emt 0:01:19]} Qxf6+ {[%emt 0:01:03]} 35. Qf2 {[%emt 0:00:03]} Qxf2+ {[%emt 0:01:03]} 36. Kxf2 {[%emt 0:03:56]} Nd6 {[%emt 0:01:31]} 37. Bg6 {[%emt 0:01:21]} 1-0

[Event "V Sunway Sitges Open 2018"]
[Site "Sitges"]
[Date "2018.12.19"]
[Round "6"]
[White "Anirudh Daga"]
[Black "Knipfer, Andreas"]
[Result "0-1"]
[WhiteElo "1356"]
[BlackElo "1962"]
[Annotator "NA"]
[PlyCount "52"]
[EventDate "2018.12.14"]
[EventType "swiss"]
[EventCountry "ESP"]
[SourceTitle "playchess.com"]
[Source "ChessBase"]
[SourceQuality "1"]
[TimeControl "40/5400+30:1800+30"]

1. e4 {[%emt 0:00:00]} c5 {[%emt 0:03:25]} 2. Nf3 {[%emt 0:00:00]} e6 {[%emt 0:00:06]} 3. d4 {[%emt 0:00:32]} cxd4 {[%emt 0:00:06]} 4. Nxd4 {[%emt 0:00:21]} a6 {[%emt 0:00:24]} 5. Nc3 {[%emt 0:01:38]} Qc7 {[%emt 0:01:17]} 6. Bd3 {[%emt 0:01:24]} Nc6 {[%emt 0:00:53]} 7. Nxc6 {[%emt 0:01:48]} dxc6 {[%emt 0:01:14]} 8. Qe2 {[%emt 0:03:42]} e5 {[%emt 0:00:56]} 9. O-O {[%emt 0:00:57]} Nf6 {[%emt 0:01:55]} 10. Bg5 {[%emt 0:02:47]} Be7 {[%emt 0:01:22]} 11. Kh1 {[%emt 0:03:02]} h6 {[%emt 0:05:23]} 12. Bxf6 {[%emt 0:04:07]} Bxf6 {[%emt 0:00:56]} 13. a4 {[%emt 0:01:49]} Be6 {[%emt 0:02:12]} 14. a5 {[%emt 0:03:15]} O-O {[%emt 0:00:32]} 15. Rfd1 {[%emt 0:04:31]} Rad8 {[%emt 0:00:51]} 16. Kg1 Rd4 {[%emt 0:06:41]} 17. h3 {[%emt 0:15:34]} Rfd8 {[%emt 0:00:59]} 18. Qf3 {[%emt 0:16:14]} Be7 {[%emt 0:02:54]} 19. Ne2 {[%emt 0:03:32]} R4d7 {[%emt 0:00:28]} 20. c3 {[%emt 0:03:27]} Bb3 {[%emt 0:01:07]} 21. Ng3 {[%emt 0:06:30]} Bxd1 {[%emt 0:01:16]} 22. Rxd1 {[%emt 0:00:11]} Qxa5 {[%emt 0:01:58]} 23. Nf5 {[%emt 0:02:15]} Bf8 {[%emt 0:00:36]} 24. Kh2 {[%emt 0:01:54]} Qc7 {[%emt 0:03:39]} 25. h4 {[%emt 0:03:09]} g6 {[%emt 0:04:03]} 26. Qg3 {[%emt 0:00:28]} Kh7 {[%emt 0:01:51]} 0-1

[Event "V Sunway Sitges Open 2018"]
[Site "Sitges"]
[Date "2018.12.20"]
[Round "7"]
[White "Andreikin, Dmitry"]
[Black "Kelires, Andreas"]
[Result "1-0"]
[WhiteElo "2719"]
[BlackElo "2535"]
[Annotator "TA"]
[PlyCount "53"]
[EventDate "2018.12.14"]
[EventType "swiss"]
[EventCountry "ESP"]
[SourceTitle "playchess.com"]
[Source "ChessBase"]
[SourceQuality "1"]

{[%evp 10,53,29,27,72,66,119,112,139,139,135,142,129,141,133,153,124,92,179,174,169,169,240,224,189,189,221,171,192,222,231,229,270,286,505,501,475,491,497,490,472,395,399,363,367,408]} 1. e4 c5 2. Nc3 a6 3. Nge2 (3. Nf3 d6 4. d4 cxd4 5. Nxd4 Nf6 6. Be3 Ng4 7. Bg5 h6 8. Bc1 Nc6 9. Nxc6 bxc6 10. Be2 Nf6 11. O-O e5 12. Bc4 Be7 13. Qd3 O-O 14. b3 Qc7 15. Qg3 Nh5 {0-1 (49) Dubov,D (2703)-Artemiev,V (2706) Sochi 2018}) 3... Nf6 4. g3 b5 5. Bg2 Bb7 6. Nd5 {LiveBook: 4 Games. B23: Closed Sicilian: Lines without g3} Nc6 $146 ({Predecessor:} 6... Nxd5 7. exd5 e5 8. O-O d6 9. f4 Nd7 10. fxe5 Nxe5 {½-½ (28) Mendl,M (2507)-Serradimigni,R (2564) ICCF email 2013}) 7. Nxf6+ gxf6 (7... exf6 $14 8. O-O Rc8) 8. O-O {White is better.} e6 9. d3 {[%cal Bd2d3,Bd3d4][%mdl 32]} Bd6 10. c3 h5 11. h4 Qb6 12. d4 Ne7 13. Nf4 f5 (13... cxd4 $16 14. cxd4 Bxf4 15. Bxf4 f5) 14. Nxh5 {Strongly threatening dxc5.} O-O-O 15. e5 Bc7 (15... Bb8 $142 16. Bg5 Bxg2) 16. Bg5 $18 Nc6 17. Bxd8 Rxd8 18. Rc1 cxd4 19. cxd4 Nxd4 20. Nf6 {[%cal Bh5f6,Bf6e8,Be8d6][%mdl 32]} d6 21. exd6 Rxd6 $2 {[#]} (21... Qxd6 {was called for.} 22. Nd5 exd5) 22. Ne8 Nf3+ 23. Bxf3 Rxd1 24. Rfxd1 ({Weaker is} 24. Bxd1 Kd7 $18) (24. Rxc7+ Qxc7 25. Rxd1 (25. Nxc7 Bxf3 26. Rxd1 Bxd1 $16) 25... Bxf3 $16) 24... Bxf3 25. Rd6 ({Not} 25. Rxc7+ Qxc7 26. Nxc7 Bxd1 $16) 25... Qxd6 26. Nxd6+ Kd7 27. Nxf7 {Precision: White = 79%, Black = 50%.} 1-0

[Event "V Sunway Sitges Open 2018"]
[Site "Sitges"]
[Date "2018.12.20"]
[Round "7"]
[White "Inarkiev, Ernesto"]
[Black "Di Nicolantonio, Lucas"]
[Result "1-0"]
[WhiteElo "2693"]
[BlackElo "2389"]
[Annotator "TA"]
[PlyCount "67"]
[EventDate "2018.12.14"]
[EventType "swiss"]
[EventCountry "ESP"]
[SourceTitle "playchess.com"]
[Source "ChessBase"]
[SourceQuality "1"]

{[%evp 17,67,-1,-2,-71,-65,-66,-66,-47,-21,-24,-26,-15,-4,-11,44,47,40,0,0,0,0,0,0,0,193,202,198,213,201,210,202,204,204,197,212,212,210,177,349,343,443,425,414,0,872,835,29979,29979,29979,29980,29993,29994]} 1. d4 d5 2. c4 e6 3. Nf3 c6 4. g3 dxc4 5. Bg2 b5 {[%cal Bb7b5,Bb5b4][%mdl 32]} 6. Ne5 {D30: Queen's Gambit Declined: Systems without Nc3} Bb7 7. a4 a6 8. O-O Nf6 9. b3 (9. Nc3 Nd5 10. e4 Nxc3 11. bxc3 Be7 12. Rb1 Qc8 13. Qg4 g6 14. f4 Nd7 15. f5 Nxe5 16. dxe5 h5 17. Qf3 exf5 18. exf5 Qxf5 19. Qxc6+ Bxc6 20. Bxc6+ {½-½ (78) Inarkiev,E (2689)-Piorun,K (2651) Katowice 2017}) 9... cxb3 {LiveBook: 28 Games} 10. Nc3 {[#]} (10. axb5 $11 axb5 11. Rxa8 Bxa8 12. Bb2) 10... b4 $1 $17 {[%cal Rb4c3]} 11. Ne4 Nxe4 $146 ({Predecessor:} 11... Be7 12. a5 O-O 13. Bb2 Nbd7 14. Nxc6 {1-0 (46) Grooten,H (2390)-Delemarre,J (2405) Wijk aan Zee 1997}) 12. Bxe4 Ra7 13. Be3 c5 14. Bxb7 Rxb7 15. dxc5 Qc7 (15... Qxd1 $11 16. Rfxd1 Rc7) 16. Bf4 $14 {Black must now prevent Ng6!} Nc6 (16... Qxc5 $2 17. Rc1 $18) (16... Bxc5 $2 {[#]} 17. Ng6 $1 $18 {[%mdl 512]}) 17. Ng6 (17. Nxc6 Qxc6 18. Qxb3 Be7 $11) 17... e5 18. Nxh8 {Hoping for Bg5.} exf4 19. Qxb3 g6 20. Qc4 Bg7 $2 {[#]} (20... Nd8 $11) 21. Nxf7 $1 $18 {[%mdl 512]} Qxf7 22. Qe4+ {[%mdl 64] Double Attack} Kf8 23. Qxc6 {And now Qc8+ would win.} Bxa1 24. Rxa1 {[%mdl 4096] Endgame KQR-KQR} b3 25. Qd6+ Kg8 26. c6 ({Don't take} 26. Qxf4 $6 Qxf4 27. gxf4 Rb4 $16) (26. gxf4 b2 $11) 26... b2 27. Qd8+ Kg7 $2 (27... Qf8 28. Qxf8+ Kxf8) 28. Rb1 Qa2 29. Qd4+ Kg8 30. Qd8+ $2 ({Less strong is} 30. cxb7 Qxb1+ 31. Kg2 Qh1+ 32. Kxh1 b1=Q+ 33. Kg2 Qxb7+ 34. f3 fxg3 $16) (30. Qd1 $18 Rb3 31. Kg2) 30... Kf7 $2 {[%mdl 8192]} (30... Kg7 $11 31. Qd4+ Kh6 32. Qxf4+ (32. cxb7 Qxb1+ 33. Kg2 Qh1+ {[%mdl 64] Decoy} 34. Kxh1 b1=Q+ 35. Kg2 Qxb7+ 36. f3 fxg3 $16) 32... Kg7 33. Qd4+ Kg8) 31. Kg2 Qxb1 32. Qd5+ {White mates.} Kg7 33. cxb7 Qc1 34. b8=Q {Accuracy: White = 78%, Black = 51%.} 1-0

[Event "V Sunway Sitges Open 2018"]
[Site "Sitges"]
[Date "2018.12.20"]
[Round "7"]
[White "Edouard, Romain"]
[Black "Lopez Martinez, Josep Manuel"]
[Result "1-0"]
[WhiteElo "2644"]
[BlackElo "2580"]
[Annotator "TA"]
[PlyCount "81"]
[EventDate "2018.12.14"]
[EventType "swiss"]
[EventCountry "ESP"]
[SourceTitle "playchess.com"]
[Source "ChessBase"]
[SourceQuality "1"]

{[%evp 16,81,6,25,9,0,0,0,41,41,58,54,58,57,58,69,88,98,118,122,180,155,164,134,141,158,143,142,206,191,209,212,271,275,294,300,352,335,344,234,385,369,421,433,407,413,404,408,417,420,415,420,419,416,535,521,713,713,713,710,724,721,3436,938,4927,4918,2630,2348]} 1. d4 Nf6 2. c4 e6 3. Nc3 Bb4 4. Nf3 c5 5. g3 cxd4 6. Nxd4 Ne4 7. Qc2 Nxc3 {E20: Nimzo-Indian: 4 g3 and 4 f3} (7... Qa5 8. Bg2 Nxc3 9. O-O Nc6 10. bxc3 Bxc3 11. Nb3 Nd4 12. Nxd4 Bxd4 13. Rb1 d6 14. Bb2 Bxb2 15. Qxb2 {0-1 (90) Carlsen,M (2855)-Caruana,F (2804) Leuven 2016}) 8. bxc3 Be7 9. Bg2 {LiveBook: 21 Games} a6 {White has an edge.} 10. Bf4 $146 ({Predecessor:} 10. Rb1 Nc6 11. O-O Qc7 12. Be4 h6 13. Qa4 O-O 14. Ba3 f5 15. Bd3 Bxa3 16. Qxa3 {½-½ (35) Sadorra,J (2560)-Delgado Ramirez,N (2618) Baku 2016}) 10... O-O 11. Rb1 Nc6 12. O-O Na5 13. Qd3 d6 {[#] aiming for ...e5.} 14. Nb3 $36 {[%mdl 2048] White is pushing.} Nc6 15. Rfd1 {[%cal Rf4d6]} Ne5 16. Qd4 f6 17. c5 d5 (17... dxc5 $16 18. Qxd8 (18. Nxc5 Qa5 $16) 18... Rxd8) 18. Bxe5 fxe5 19. Qxe5 Bf6 20. Qe3 Qc7 21. Qd3 a5 (21... Be7 $16 22. e4 Bxc5) 22. c4 $18 a4 23. Nd2 {[%cal Bb3d2,Bd2e4,Be4d6][%mdl 32]} d4 24. Ne4 e5 25. e3 Be7 26. exd4 Bf5 27. Rb5 {Threatens to win with d5.} exd4 $2 (27... Kh8 28. Qd2 Bd7) 28. Qxd4 Rad8 29. Nd6 Bc8 30. Bxb7 Bxb7 31. Rxb7 Qxb7 32. Nxb7 Rxd4 33. Rxd4 {[%mdl 4096] Endgame KRB-KRN} Rc8 34. Rd5 a3 35. Kf1 {White is clearly winning.} Rb8 36. c6 {[%cal Bc5c6,Bc6c7][%mdl 32]} Kf7 37. c5 Ke6 {[#]} 38. Rd6+ $1 Ke5 (38... Bxd6 39. cxd6) 39. c7 Rc8 40. f4+ Kf5 41. Rc6 {Accuracy: White = 90%, Black = 41%.} 1-0